Sports Quiz

Random Sports or MLB Quiz

MLB: 100+ Runs, No Steals Quiz Stats

Quiz Updated Oct 1, 2017

Challenge
Share
Tweet
Embed
Score 0/41 Timer 05:00
8 Plays Today
Year + Team Player % Correct
1996 (OAK)Mark McGwire
85.1%
1999 (STL)Mark McGwire
85.1%
2006 (PHI)Ryan Howard
83.2%
1999 (CLE)Jim Thome
75.7%
2001 (CLE)Jim Thome
75.7%
2003 (PHI)Jim Thome
75.7%
2006 (CHW)Jim Thome
75.7%
2001 (CHC)Sammy Sosa
73.9%
1990 (DET)Cecil Fielder
72.5%
1991 (DET)Cecil Fielder
72.5%
2016 (SEA)Robinson Cano
71%
2003 (COL)Todd Helton
69.2%
1971 (PIT)+Willie Stargell
61.8%
1973 (PIT)+Willie Stargell
61.8%
1996 (SEA)Jay Buhner
61.1%
1997 (SEA)Jay Buhner
61.1%
2010 (NYY)Mark Teixeira
60.3%
1961 (NYY)Roger Maris
57.9%
2000 (TOR)Carlos Delgado
57%
2003 (TOR)Carlos Delgado
57%
2008 (SDP)Adrian Gonzalez
56.9%
Year + Team Player % Correct
2007 (SDP)Adrian Gonzalez
56.9%
1983 (BAL)+Cal Ripken
56.5%
1998 (BOS)Mo Vaughn
54.3%
1969 (SFG)+Willie McCovey
54.2%
2016 (BAL)Manny Machado
49.9%
1986 (NYY)Don Mattingly
49.8%
2006 (CLE)Travis Hafner
44.4%
1975 (CIN)Pete Rose
42.4%
1986 (BOS)+Wade Boggs
41.9%
2000 (ANA)Tim Salmon
41.5%
1950 (NYY)+Joe DiMaggio
39.9%
1953 (CIN)Gus Bell
34.9%
1993 (TOR)John Olerud
31.7%
1954 (CIN)Ted Kluszewski
29.4%
2000 (KCR)Jermaine Dye
28.5%
2001 (MIL)Jeromy Burnitz
17.5%
1999 (CIN)Sean Casey
11.1%
1950 (BOS)Walt Dropo
6.1%
1996 (OAK)Geronimo Berroa
5.1%
1970 (CHC)Jim Hickman
5%

You're not logged in!

Compare scores with friends on all Sporcle quizzes.
Sign Up with Email
OR
Log In

You Might Also Like...

Show Comments

Extras

Top Quizzes Today


Score Distribution

Your Account Isn't Verified!

In order to create a playlist on Sporcle, you need to verify the email address you used during registration. Go to your Sporcle Settings to finish the process.